[Event "Ruhrgebiet Bezirksliga 15/16"]
[Site "Ruhrgebiet"]
[Date "2016.02.28"]
[Round "8.7"]
[White "Knoepper, Werner"]
[Black "Sporkert, Corina"]
[Result "0-1"]
[WhiteElo "1588"]
[BlackElo "1809"]
[PlyCount "40"]
[EventDate "2015.08.30"]
[EventType "team-tourn"]
[EventRounds "9"]
[EventCountry "GER"]
[SourceTitle "EXT 2022"]
[Source "ChessBase"]
[SourceDate "2021.10.06"]
[SourceVersion "1"]
[SourceVersionDate "2021.10.06"]
[SourceQuality "1"]
[WhiteTeam "Kamen SV III"]
[BlackTeam "Hamm Koenigsspringer II"]
[WhiteTeamCountry "GER"]
[BlackTeamCountry "GER"]

1. c4 e5 2. Nc3 Nf6 3. g3 d5 4. cxd5 Nxd5 5. Bg2 Nxc3 6. bxc3 Bc5 7. Qb3 c6 8. d3 Qc7 9. Rb1 0-0 10. Nf3 Nd7 11. Nxe5 Qxe5 12. d4 Bxd4 13. cxd4 Qxd4 14. Bb2 Qg4 15. h4 Nc5 16. Qa3 Ne6 17. Bh3 Qe4 18. 0-0 Nf4 19. f3 Nxh3+ 20. Kg2 Qxe2+ 0-1